000 00760nam a22002417a 4500
005 20140612110644.0
010 _aENG-109942
020 _a9789380340104
_c750.00
035 _aEN-93475
037 _bDBAD/PUB
082 _a779.2092
100 _aRiboud, Marc
245 _aI for imagine /
_cby Marc Riboud [and] Catherine Chaine; translated by Linda Asher
260 _aChennai
_bTara Books
_c(201?)
270 _aPlot No. 9 CGE Colony Off Kuppam Beach Road Thiruvanmiyur
_bChennai
_e600041
300 _aunpaged :
_c31cm(Hb)
_b chiefly ill
490 _aFrench focus
600 _a Riboud, Marc.
650 _aPhotography, Artistic.
700 _aChaine, Catherine
700 _a Asher, Linda
942 _2ddc
_cEN
_mRIB
_h779.2092
999 _c84073
_d84073